• 首页
  • 本馆介绍
  • 公告通知
  • 最新文献
  • 馆藏检索
  • 电子资源
  • 读者导购
  • 参考咨询
  • 我的图书馆
  • 登录
  • 详细信息显示
  • 放入我的书架
  • 预约/预借图书
  • 作者相关作品
  • 分类相关作品
  • 丛书相关作品
  • 出版社相关作品

书目信息

  • 表格格式
  • 工作单格式
  • 卡片格式
题名:
巴蜀老庖
    
 
作者: 晋璧东 , 许忠新 编
分册:  
出版信息: 呼和浩特   内蒙古人民出版社  2003
页数: 244页
开本: 20cm
丛书名: 综艺美食998
单 册:
中图分类: TS972.182.71
科图分类:
主题词: 菜谱--四川省 , 菜谱
电子资源:
ISBN: 7-204-07035-6
000 00728oam2 2200265 450
001 002611193
005 20040412092644.0
009 002611193
010    @a7-204-07035-6@dCNY10.00
100    @a20031225d2003 em y0chiy0110 ea
101 0  @achi
102    @aCN@b150000
105    @aa z 000yy
200 1  @a巴蜀老庖@Aba shu lao pao@f晋璧东,许忠新编
210    @a呼和浩特@c内蒙古人民出版社@d2003
215    @a244页@c图@d20cm
225 2  @a综艺美食998@e图文版
461  0 @1001002611181@12001 @a综艺美食998
606 0  @a菜谱@y四川省
606 0  @a菜谱
690    @aTS972.182.71@v4
701  0 @a晋璧东@Ajin bi dong@4编
701  0 @a许忠新@Axu zhong xin@4编
801  0 @aCN@bNLC@c20040413
905    @aBZT@dTS972.182.71@e1
    
    巴蜀老庖/晋璧东,许忠新编.-呼和浩特:内蒙古人民出版社,2003
    244页:图;20cm.-(综艺美食998:图文版)
    
    
    ISBN 7-204-07035-6:CNY10.00
    
●
相关链接 在五车中查询图书 在当当中查询图书 在豆瓣中查询图书


正题名:巴蜀老庖     索取号:TS972.182.71/1         预约/预借

序号 登录号 条形码 馆藏地/架位号 状态 备注
1 393486   210216540   中心书库中库/ 中库024架A面6列2层86/ [索取号:TS972.182.71/1] 在馆    
2 393487   210216513   中心书库中库/ 中库024架A面6列2层82/ [索取号:TS972.182.71/1] 在馆    
3 393488   210216522   中心书库中库/ 中库024架A面5列3层51/ [索取号:TS972.182.71/1] 在馆    
4 393489   210216498   中心书库中库/ 中库024架A面6列2层87/ [索取号:TS972.182.71/1] 在馆    
5 393490   210216504   中心书库中库/ 中库024架A面6列2层89/ [索取号:TS972.182.71/1] 在馆    
6 393491   210216470   中心书库中库/ 中库024架A面6列2层88/ [索取号:TS972.182.71/1] 在馆    
7 393492   210216489   中心书库中库/ 中库024架A面6列2层83/ [索取号:TS972.182.71/1] 在馆    
8 393493   210216452   中心书库中库/ 中库024架A面5列3层50/ [索取号:TS972.182.71/1] 在馆    
9 393494   210216461   中心书库中库/ 中库024架A面6列2层85/ [索取号:TS972.182.71/1] 在馆    
10 393495   210216434   中心书库中库/ 中库024架A面6列2层84/ [索取号:TS972.182.71/1] 在馆    
山东省滨州职业学院图书馆 欢迎您!
大连网信软件有限公司© 版权所有